Socio-patologické javy na školách a ich riešenie = Socio-pathological phenomena in schools and deal with them : Diplomová práca

Gespeichert in:
Bibliographische Detailangaben
1. Verfasser: Parajková, Mária (Verfasst von)
Weitere Verfasser: Odlerová, Eva, 1954- (xxx)
Format: Manuskript Buch
Sprache:Slowakisch
Veröffentlicht: Trnava : STU v Bratislave MTF UIPH, 2009
Schlagworte:
Tags: Tag hinzufügen
Keine Tags, Fügen Sie das erste Tag hinzu!

MARC

LEADER 00000ntm a22000003a 4500
001 stu198878
005 20160719160058.7
008 100125s2009----xo------------------slo-d
040 |a STU  |b slo 
041 0 |a slo 
044 |a xo 
100 1 |a Parajková, Mária  |4 aut 
245 1 |a Socio-patologické javy na školách a ich riešenie = Socio-pathological phenomena in schools and deal with them :  |b Diplomová práca 
260 |a Trnava :  |b STU v Bratislave MTF UIPH,  |c 2009 
300 |a 71 s  |c 1 CD-ROM 
500 |a Študijný program: učiteľstvo technických profesijných predmetov 
500 |a Študijný odbor: 1.1.2 učiteľstvo profesijných predmetov a praktickej prípravy 
650 7 |a socio-patologické javy  |2 stusub 
650 7 |a patologické deviácie  |2 stusub 
700 1 |a Odlerová, Eva,  |d 1954-  |4 xxx  |u M4000  |U MTF Materiálovotechnologická fakulta  |T MTF Ústav priemyselného inžinierstva a manažmentu  |X 4165  |U M4000  |Y 84  |7 A000004165 
996 |b 284M077844  |c M*DP-8760  |l MMSKP  |s P  |a 0  |w stu198878_0001